000 00638nas a2200229 4500
001 BR8802452
003 BR-BrBNA
005 20231205091124.0
007 ta
008 230509b bl.|||p| |||| 00| 00por d
040 _aBR-BrBNA
_bpor
_cBiblioteca Nacional de Agricultura
041 _a(Pt)
072 _aL72
100 1 _aPitombo, L.H.
245 1 _aMoscas diferentes tipos para prejuizos semelhantes
650 _aLESAO
650 _aMOSCA
650 _aBOVINO
773 0 _tBalde Branco (Brazil)
_xISSN 0005-4275
_g(Nov 1987), v. 3(277) p. 15-18
_wBR8802452
909 _a202311
_bLúcia
_c55
_dLúcia Elande
942 _2AGRIS
_n0
_cANA
999 _c122922
_d122922